000 01602nam a22002657a 4500
001 1493
005 20231002103624.0
020 _a9789924341246
040 _aFISKH
_beng
_cFISKH
_dFISKH
082 _a001.9
100 _aSophal, Bot
245 _aអត្រានុកូលដ្ឋាន /
_bឯកសារចំណេះដឹង​ :
260 _aPhnom Penh :
_bSipar,
_c2021.
300 _a43 pages :
_bcolor illustrations ;
_c25 cm
490 _aតម្រង់ទិសវិជ្ជាជីវៈ
505 _aZ'
520 _aជាឯកសារចំណេះដឹងដែលបង្ហាញពីបែបបទ និងនិតិវិធីក្នុងការធ្វើឯកសារនានាដែលទាក់ទងនឹងអាពាហ៍ពិពាហ៍ កំណើត និងមរណភាព រួមទាំងសារៈសំខាន់ និងបញ្ហាប្រឈមនាននៃការខកខានមិនបានបំពេញឯកសារពាក់ព័ន្ធទាំងនោះ។
520 _aA knowledge document that outlines the procedures and procedures for filing documents related to marriage, birth, and death, as well as the importance and challenges of failing to complete the relevant documents.
521 _a1120
_bLexile estimate
521 _aZ'
_bRaz-Plus
650 _aចំណេះដឹង
_vសំខាន់
_xបញ្ហា
650 _aKnowledge
_vImportant
_xProblem
700 _aVisoth, Seng
_cillustrator
942 _2ddc
_cBK
_n0
999 _c1493
_d1493